00266nam a2200109Ia 4500008004100000100001800041245001400059260000900073300003400082440002400116650001600140180117s9999 xx 000 0 und d aby Zac Sarian aAgri-talk c2017 a25-26 pages, 2017 February 19 aPhilippine Panorama aAGRICULTURE